000 00705nam a22002297a 4500
005 20250707103745.0
008 250707b |||||||| |||| 00| 0 eng d
020 _a978-81-950698-1-1 (pbk)
037 _cTB
040 _aCRL
_cCRL
041 _2eng
_aeng
_htel
084 _aO35,6x R1
_qCRL
100 _aNarayanappa, V.
_9815177
245 _aTrikuutamu
260 _aTadepalli, India:
_bPrajasakti Book House,
_c2021.
300 _axii, 45p.
365 _b75.00
_cINR
650 _aTelegu Literature
_9815224
650 _aTelegu Essays
_9815225
942 _2CC
_cTB
_hO35,6x R1
_n0
999 _c1433447
_d1433447